|
|
|
|
| LEADER |
01521nam a22003737a 4500 |
| 001 |
42449 |
| 003 |
BD-DhAAL |
| 008 |
240331t20222020ii 000 1 eng d |
| 010 |
|
|
|a 2023335921
|
| 020 |
|
|
|a 9780143459675
|
| 025 |
|
|
|a I-E-2023335921
|
| 037 |
|
|
|b Library of Congress -- New Delhi Overseas Office
|
| 040 |
|
|
|a DLC
|b eng
|e rda
|c DLC
|d DLC
|d BD-DhAAL
|
| 042 |
|
|
|a lcode
|
| 082 |
|
|
|a 823.92
|2 23
|
| 100 |
1 |
|
|a Karunatilaka, Shehan,
|e author.
|9 56210
|
| 245 |
1 |
4 |
|a The seven moons of Maali Almeida /
|c Shehan Karunatilaka.
|
| 264 |
|
1 |
|a Gurugram, Haryana, India :
|b Penguin Books, an imprint of Penguin Random House India,
|c 2022.
|
| 300 |
|
|
|a 386 pages ;
|c 22 cm.
|
| 500 |
|
|
|a Novel.
|
| 500 |
|
|
|a "First published in Hamish Hamilton in hardback as Chats with the dead by Penguin Random House india in 2020"--Page facing title page.
|
| 526 |
|
|
|a AAL
|
| 530 |
|
|
|a Also available as an e-book.
|
| 541 |
|
|
|a R K Corporation
|e 42449
|
| 586 |
|
|
|a The Booker Prize for Fiction, 2022.
|
| 650 |
|
|
|a Photographers
|z Sri Lanka
|v Fiction.
|9 56211
|
| 650 |
|
|
|a Photographers
|x Crimes against
|z Sri Lanka
|v Fiction.
|9 56212
|
| 650 |
|
|
|a Future life
|v Fiction.
|9 56213
|
| 650 |
|
|
|a Murder victims
|v Fiction.
|9 56214
|
| 650 |
|
|
|a English fiction.
|
| 852 |
|
|
|a Ayesha Abed Library
|
| 942 |
|
|
|2 ddc
|c BK
|
| 999 |
|
|
|c 46503
|d 46503
|
| 952 |
|
|
|0 0
|1 0
|2 ddc
|4 0
|6 823_920000000000000_KAR
|7 0
|9 75311
|a BRACUL
|b BRACUL
|c AWC
|d 2024-03-28
|e R K Corporation
|g 780.00
|l 4
|o 823.92 KAR
|p 3010042449
|r 2025-01-29
|s 2025-01-19
|t 1
|v 780.00
|w 2024-03-28
|y AWC
|